Normal view
MARC view
Entry Personal Name
001 - CONTROL NUMBER
- control field: 7692
003 - CONTROL NUMBER IDENTIFIER
- control field: OSt
005 - DATE AND TIME OF LATEST TRANSACTION
- control field: 20211028144215.0
008 - FIXED-LENGTH DATA ELEMENTS
- fixed length control field: 211028|| aca||aabn | a|a d
040 ## - CATALOGING SOURCE
- Original cataloging agency: OSt
- Transcribing agency: OSt
100 ## - HEADING--PERSONAL NAME
- Personal name: Desai, Niharika Raut; Kudtarkar, Ravi.
- Miscellaneous information: 1516117
670 ## - SOURCE DATA FOUND
- Source citation: Work cat.: (OSt): Desai, Niharika Raut; Kudtarkar, Ravi. 1516117, Study on post traimimg evaluation of soft skills training programming at fidalgo -Goa., 2017